|
|
|
|
| LEADER |
01131nam a2200241 u 4500 |
| 001 |
10020648 |
| 003 |
GR-PaULI |
| 005 |
20240625152658.0 |
| 008 |
990302s1997 us eng |
| 020 |
|
|
|a 0262621142
|
| 040 |
|
|
|a GR-PaULI
|c GR-PaULI
|b gre
|e AACR2
|
| 082 |
0 |
4 |
|a 401
|2 23
|
| 245 |
0 |
0 |
|a Readings in the philosophy of language /
|c edited by Peter Ludlow.
|
| 260 |
|
|
|a Cambridge, MA :
|b The MIT Press,
|c 1997.
|
| 300 |
|
|
|a xviii, 1073 σ. ;
|c 23 εκ.
|
| 504 |
|
|
|a Περιλαμβάνει βιβλιογραφικές παραπομπές και ευρετήριο.
|
| 650 |
|
4 |
|a Γλώσσα και γλώσσες
|x Φιλοσοφία.
|9 518
|
| 700 |
1 |
|
|a Ludlow, Peter
|d 1957-
|4
|9 25504
|e επιμελητής.
|
| 942 |
|
|
|2 ddc
|c BK15
|
| 952 |
|
|
|0 0
|1 0
|4 0
|6 401_000000000000000_L
|7 0
|9 180583
|a LISP
|b LISP
|c BSC
|d 2016-04-24
|i 041031
|l 0
|o 401 L
|p 025000003987
|r 2016-04-24 00:00:00
|t 1
|w 2016-04-24
|y BK15
|
| 952 |
|
|
|0 0
|1 0
|2 ddc
|4 0
|6 401_000000000000000_REA
|7 0
|9 180584
|a LISP
|b LISP
|c BSC
|d 2016-04-24
|i 4555
|l 0
|o 401 REA
|p 025000101647
|r 2016-04-24 00:00:00
|t 2
|w 2016-04-24
|y BK15
|
| 998 |
|
|
|c ΑΝΔΡΙΚΟΠΟΥΛΟΥ
|d 2005-01
|
| 999 |
|
|
|c 111660
|d 111660
|